Regeneración y estética en la literatura española de la preguerra europea

Sitúa dentro de la crisis del 98 el surgimiento de la rebelión modernista como una nueva forma estética que se utilizó como crítica a la situación política creada.

Guardado en:
書目詳細資料
主要作者: Albiac Blanco, María Dolores
格式: 未知
出版: Cuba: Casa de las Américas,
主題:
標簽: 添加標簽
沒有標簽, 成為第一個標記此記錄!

MARC

LEADER 000000000a22000000004500
001 000865
022 |a 008-7157 
100 1 |a Albiac Blanco, María Dolores 
245 1 0 |a Regeneración y estética en la literatura española de la preguerra europea 
260 |a Cuba:   |b Casa de las Américas, 
310 |a trimestral 
520 |a Sitúa dentro de la crisis del 98 el surgimiento de la rebelión modernista como una nueva forma estética que se utilizó como crítica a la situación política creada. 
650 4 |a MODERNISMO Y 98 
650 4 |a LITERATURA ESPAÑOLA 
773 0 |t Casa de las Américas 
773 0 |g 211 
773 0 |g 1998 
773 0 |g 56-64 
999 |c 1639  |d 1639